000 00668nam a2200193Ii 4500
003 JO-AjNU
008 230605s9999||||xx |||||||||||||| ||und||
040 _aJO-AjNU
_bara
_erda
_cJO-AjNU
041 _aara
050 1 4 _aBP144.M6 1900
100 3 _aعبد الوهاب، محمد,
_eauthor
_939961
245 0 0 _aمختصر زاد المعاد للإمام ابن القيم الجوزية
264 3 1 _aجدة، صنعاء: مكتبة جدة ، مكتبة الارشاد، د.ت
300 _a202ص
336 _atext
_btxt
_2rdacontent
337 _aunmediated
_bn
_2rdamedia
338 _avolume
_bnc
_2rdacarrier
650 4 _aالسيرة النبوية
_939962
999 _aA16920
_c20488
_d20488